书目信息 |
| 题名: |
中国近代史
|
|
| 作者: | 李侃 著 | |
| 分册: | ||
| 出版信息: | 北京 中华书局 1994 |
|
| 页数: | 478页 | |
| 开本: | 21cm | |
| 丛书名: | ||
| 单 册: | ||
| 中图分类: | K25 | |
| 科图分类: | ||
| 主题词: | 近代史 , 中国--历史--1840~1949 | |
| 电子资源: | ||
| ISBN: | 978-7-101-01295-8 | |
| 000 | 00909nam0 2200277 450 | |
| 001 | 2639397276 | |
| 005 | 20260414105740.05 | |
| 010 | @a978-7-101-01295-8@dCNY27.00 | |
| 100 | @a20100205e20101994em y0chiy50 ea | |
| 101 | 0 | @achi |
| 102 | @aCN@b110000 | |
| 105 | @ay z 000yy | |
| 200 | 1 | @a中国近代史@Azhong guo jin dai shi@e1840-1919@f李侃[等]著 |
| 205 | @a4版 | |
| 210 | @a北京@c中华书局@d1994@h2010重印 | |
| 215 | @a478页@d21cm | |
| 304 | @a著者还有:李时岳、李德征、杨策、龚书铎 | |
| 330 | @a本书分为七章,内容包括鸦片战争和中国近代史的开端、太平天国及第二次鸦片战争、洋务运动和中国资本主义的产生、中法战争和中日战争、戊戌变法和义和团运动等。 | |
| 606 | 0 | @a近代史 |
| 606 | 0 | @a中国@x历史@z1840~1949 |
| 607 | @a中国@x近代史@z1840~1919 | |
| 607 | @a中国 | |
| 690 | @aK25@v4 | |
| 701 | 0 | @a李侃@Ali kan@f(1922~2010)@4著 |
| 801 | 0 | @aCN@bNLC@c20101222 |
| 905 | @aZUCC@dK25@e304 | |
| 中国近代史:1840-1919/李侃[等]著.-4版.-北京:中华书局,1994(2010重印) |
| 478页;21cm |
| ISBN 978-7-101-01295-8:CNY27.00 |
| 本书分为七章,内容包括鸦片战争和中国近代史的开端、太平天国及第二次鸦片战争、洋务运动和中国资本主义的产生、中法战争和中日战争、戊戌变法和义和团运动等。 |
| ● |
| 相关链接 |
|
|
|
|
正题名:中国近代史
索取号:K25/304
 
预约/预借
| 序号 | 登录号 | 条形码 | 馆藏地/架位号 | 状态 | 备注 |
| 1 | 1442679 | 214426799 | 第二样本阅览室/ [索取号:K25/304] | 在馆 |